000 00481nam a2200181Ia 4500
008 230711s9999||||xx |||||||||||||| ||und||
020 _a978-1-119-09241-4
041 _aENG
082 _a721
_bAL-T
100 _aAllen,Edward
245 4 _aThe Architect's Studio Companion : Rules of Thumb for Preliminary Design
250 _a6th Ed.
260 _c2017
_aNew Jersy
_bJohn Wiley & Sons.Inc
300 _a495p.
650 _aArchitecture
700 _aIano,Joseph
942 _cBK
999 _c6478
_d6478